Fourier series and boundary value problems / (Record no. 8830)
[ view plain ]
| 000 -LEADER | |
|---|---|
| fixed length control field | 00915cam a22002891 4500 |
| 001 - CONTROL NUMBER | |
| control field | 8830 |
| 003 - CONTROL NUMBER IDENTIFIER | |
| rucl marc code | BD-RjUL |
| 005 - DATE AND TIME OF LATEST TRANSACTION | |
| control field | 20211208234648.0 |
| 008 - FIXED-LENGTH DATA ELEMENTS--GENERAL INFORMATION | |
| fixed length control field | 140119s1941 nyua b 001 0 eng d |
| 035 ## - SYSTEM CONTROL NUMBER | |
| System control number | (BD-RjUL)8875 |
| 040 ## - CATALOGING SOURCE | |
| Original cataloging agency | DLC/ICU |
| Transcribing agency | ICU |
| Modifying agency | DLC |
| -- | BD-RjUL |
| Language of cataloging | eng |
| 041 ## - LANGUAGE CODE | |
| Language code of text/sound track or separate title | eng |
| 051 ## - LIBRARY OF CONGRESS COPY, ISSUE, OFFPRINT STATEMENT | |
| Classification number | QA404 |
| Item number | .C6 Copy 2 |
| Copy information | Copy 2. |
| 082 00 - DEWEY DECIMAL CLASSIFICATION NUMBER | |
| Classification number | 517.35 |
| Author mark and year | CHF 1941 |
| 100 1# - MAIN ENTRY--PERSONAL NAME | |
| Personal name | Churchill, Ruel V. |
| Fuller form of name | (Ruel Vance), |
| Dates associated with a name | 1899-1987. |
| 9 (RLIN) | 19803 |
| 245 10 - TITLE STATEMENT | |
| Title | Fourier series and boundary value problems / |
| Statement of responsibility, etc. | Ruel V. Churchill |
| 250 ## - EDITION STATEMENT | |
| Edition statement | 1st ed. |
| 260 ## - PUBLICATION, DISTRIBUTION, ETC. (IMPRINT) | |
| Place of publication, distribution, etc. | New York; |
| -- | London: |
| Name of publisher, distributor, etc. | McGraw-Hill book company, inc., |
| Date of publication, distribution, etc. | c1941. |
| 300 ## - PHYSICAL DESCRIPTION | |
| Pagination | ix, 206 p. |
| Illustrations | diagrs. |
| Size | 23 cm. |
| 504 ## - BIBLIOGRAPHY, ETC. NOTE | |
| Bibliography, etc | "References" at end of most of the chapters. |
| 650 #0 - SUBJECT ADDED ENTRY--TOPICAL TERM | |
| Topical term or geographic name as entry element | Fourier series. |
| 9 (RLIN) | 27446 |
| Topical term or geographic name as entry element | Functions, Orthogonal. |
| 9 (RLIN) | 27447 |
| Topical term or geographic name as entry element | Boundary value problems. |
| 9 (RLIN) | 19752 |
| 942 ## - ADDED ENTRY ELEMENTS (KOHA) | |
| Source of classification or shelving scheme | Dewey Decimal Classification |
| Koha item type | Books |
| Lost status | Source of classification or shelving scheme | Damaged status | Not for loan | Collection code | Permanent Location | Current Location | Shelving location | Date acquired | Source of acquisition | Cost, normal purchase price | Total Checkouts | Full call number | Date last seen | Copy number | Koha item type |
|---|---|---|---|---|---|---|---|---|---|---|---|---|---|---|---|
| Dewey Decimal Classification | Non-fiction | Central Library, University of Rajshahi | Central Library, University of Rajshahi | 25/01/1963 | Zeitlinger | 43.00 | 517.35 CHF 1941 | 19/01/2014 | C-2 | Books |